00279nam a22000857a 4500100003200000245007900032260003000111300001100141700004100152 aTeevino, Zaheer Alia13ME25 aEffect of Number of Blades and Aspect Ratio on the Performance of Savonius aNawabshah:bQUEST,c2016. a69p. ; aDepartment of Mechanical Engineering